|
|
|
|
| LEADER |
03657nam a2200601 i 4500 |
| 001 |
mzk03001273282 |
| 003 |
CZ BrMZK |
| 005 |
20200716103511.0 |
| 007 |
ta |
| 008 |
200716s1520 fr f fr|||||00| ||latod |
| 040 |
|
|
|a BOA001
|b cze
|e rda
|
| 072 |
|
7 |
|a 093
|x Prvotisky
|2 Konspekt
|9 12
|
| 072 |
|
7 |
|a 094
|x Staré tisky
|2 Konspekt
|9 12
|
| 080 |
|
|
|a 093
|2 MRF
|
| 080 |
|
|
|a 27-36
|2 MRF
|
| 080 |
|
|
|a 27-9"01/07"-284-051
|2 MRF
|
| 080 |
|
|
|a 27
|2 MRF
|
| 080 |
|
|
|a 025.171
|2 MRF
|
| 080 |
|
|
|a (0.068)094
|2 MRF
|
| 100 |
0 |
|
|a Jeroným,
|c svatý,
|d asi 342-420
|7 jn19981001563
|4 aut
|
| 245 |
1 |
0 |
|a DIui Hieronymi in vitaspatrum percelebre opus oculos mortalibus celumq[ue] aperie[n]s cuius lectura peccatoris etia[m] saxeu[m] cor emolit deq[ue] hu[n]c per actis criminibus compungi et dolere co[m]pellit: sed et ad meliorem ipsum reducit vitam. Cersum est autem hoc preclarissimum opus tantis nouiter mendis vix vt in hoc antiquorum voluminum stigmata co[m]perias. In illis enim innumere pro alijs (que in hoc habentur) dictiones posite authoris lepius peruertebant mentes. Sed et pro sillabis sillabas diuersas. Proq[ue] elementis in hoc (sensusq[ua]m immutabant) elementa volumine insernimus diuersa
|
| 246 |
3 |
3 |
|a DIui Hieronymi in vitaspatrum percelebre opus oculos mortalibus
|
| 246 |
3 |
3 |
|a Divi Hieronymi in vitaspatrum percelebre opus oculos mortalibus
|
| 264 |
|
1 |
|a Impressis Lugduni :
|b Per honestum virum Jacobum Mareschal,
|c 1520
|
| 300 |
|
|
|a 5 nečíslovaných listů, CLXIIII listů, 1 nečíslovaná příloha ;
|c 4°
|
| 336 |
|
|
|a text
|b txt
|2 rdacontent
|
| 337 |
|
|
|a bez média
|b n
|2 rdamedia
|
| 338 |
|
|
|a svazek
|b nc
|2 rdacarrier
|
| 500 |
|
|
|a Rozsah: [5], CLXIIII l., [1] příl.
|
| 500 |
|
|
|a Výzdoba: Titulní list v dřevořezovém rámu s figurální výzdobou (mužské postavy píšící knihu, svatá Veronika s rouškou), titulní list tištěn červeně a černě, iniciály, příloha v podobě dřevořezu s vyobrazením sv. Jeronýma obklopeného knihami a se lvem u nohou, na posledním listu signet dřevořezem nakladatele Simona Vincentia s devízou SALVE SANCTA FACIES (svatý Petr a svatý Pavel držící veraikon, v rozích jsou umístěny medailony se symboly evangelistů), text tištěn dvousloupcově
|
| 500 |
|
|
|a Nakladatelské údaje v kolofonu
|
| 500 |
|
|
|a Na titulním listu přilepen proužek rukopisného hudebního zlomku, který slouží jako záložka
|
| 501 |
|
|
|a Přívazek k: Rationale diuinorum officiorum / Guillaume Durand
|
| 561 |
|
|
|a Provenience: [m.p.] Monasterij S. Wenceslaj Braunae 1659 F. Marc[us] inscripsit
|
| 650 |
|
7 |
|a prvotisky
|7 ph115906
|2 czenas
|
| 650 |
|
7 |
|a hagiografie
|7 ph120634
|2 czenas
|
| 650 |
|
7 |
|a církevní otcové
|7 ph114286
|2 czenas
|
| 650 |
|
7 |
|a křesťanství
|7 ph115073
|2 czenas
|
| 650 |
|
7 |
|a historické knihovní fondy
|7 ph172933
|2 czenas
|
| 655 |
|
7 |
|a staré tisky
|7 fd422076
|2 czenas
|
| 700 |
1 |
|
|a Vincent, Simon,
|d -1534
|7 jo2011620494
|4 pbl
|
| 856 |
4 |
2 |
|u https://books.google.cz/books?id=H3pWRxeP9LYC&pg=PA1&dq=DIui+Hieronymi+in+vitaspatrum+percelebre+opus+oculos+mortalibus+celumq%5Bue%5D+aperie%5Bn%5D+1520&as_brr=3&hl=cs&source=gbs_selected_pages&cad=2#v=onepage&q&f=false
|y Digitalizovaný dokument
|z Exemplář z Google Books
|
| 903 |
|
|
|a RP
|
| 910 |
|
|
|a NAG950
|b B - II. F. 23,1,přív.
|
| 978 |
|
|
|b Mareschal, Jacques
|a Lyon
|c 1520
|
| 981 |
0 |
|
|a Marcus
|c OSB
|8 1659
|
| 982 |
0 |
|
|a Broumov - benediktinský klášter
|8 1659
|
| 982 |
0 |
|
|a Hradec Králové - SVK
|
| 984 |
|
|
|a Lyon
|b Francie
|
| 985 |
|
|
|a 1501-1550
|
| 990 |
|
|
|a BK
|
| 991 |
|
|
|k broumov
|
| 994 |
|
|
|a UP
|l MZK03
|b 001273279
|m přívazek
|n záznam 1. díla (pro objednání pokračujte kliknutím)
|